The laws of the earliest English kings /

Bibliographic Details
Corporate Author: Great Britain
Other Authors: Attenborough, F. L. (Frederick Levi), 1887-
Format: Book
Language:English
English, Old (ca. 450-1100)
Latin
Published: New York : Russell & Russell, 1963.
Subjects:

MARC

Tag First Indicator Second Indicator Subfields
LEADER 00000cam a2200000 4500
001 in00000067728
005 20151008050814.0
008 721206s1963 nyu 00000 eng u
010 |a  63015148  
035 |a (OCoLC)00507536 
035 |9 AAG3477AM 
040 |c WSU  |d TXA  |d UtOrBLW 
041 0 |a eng  |a ang  |a lat 
049 |a TXAM  |c [364461] 
090 |a KD3  |b .A8 
092 |a 340.0942  |b G786 
110 1 |a Great Britain. 
240 1 0 |a Laws, statutes, etc., 449-1066 
245 1 4 |a The laws of the earliest English kings /  |c Edited and translated by F. L. Attenborough. 
264 1 |a New York :  |b Russell & Russell,  |c 1963. 
300 |a 256 pages 
336 |a text  |b txt  |2 rdacontent 
337 |a unmediated  |b n  |2 rdamedia 
338 |a volume  |b nc  |2 rdacarrier 
500 |a Anglo-Saxon and modern English versions, with Latin when the original Anglo-Saxon is lost. 
650 0 |a Law, Anglo-Saxon. 
650 0 |a Law  |z Great Britain. 
650 0 |a English language  |y Old English, ca. 450-1100  |v Texts. 
700 1 |a Attenborough, F. L.  |q (Frederick Levi),  |d 1887- 
999 |a MARS 
999 f f |s 80cd7ec8-3797-3c1c-9564-7dfdfaaf5f19  |i 62a9e1bf-bca7-35e7-9e93-ee672b4b6bd2  |t 0 
952 f f |p normal  |a Texas A&M University  |b College Station  |c Sterling C. Evans Library  |d Evans: Library Stacks  |t 0  |e KD3 .A8  |h Library of Congress classification  |i unmediated -- volume  |m A14800779850 
998 f f |a KD3 .A8  |t 0  |l Evans: Library Stacks